| 000 | 00626nam a22002177a 4500 | ||
|---|---|---|---|
| 003 | OSt | ||
| 005 | 20140310182136.0 | ||
| 008 | 130829t xxu||||| |||| 00| 0 eng d | ||
| 020 | _a9784770028013 | ||
| 050 |
_aSE 16.7TX _b.M985 2002 |
||
| 082 |
_aHS 808.3 _bM97 2002 |
||
| 100 |
_aMusashi, Miyamoto _915008 |
||
| 245 |
_aThe Book of five rings / _c Miyamoto Musashi. |
||
| 250 | _a1st Ed. | ||
| 260 |
_aTokyo : _bKodansha International, _cc2002. |
||
| 300 |
_a157 p. ; _c16 cm. |
||
| 650 |
_a Kendo. _915009 |
||
| 650 |
_a 2. Military art and science _xJapan _xEarly works _915010 |
||
| 942 | _2lcc | ||
| 999 |
_c9771 _d9771 |
||